Score 0/24 Timer 04:00
0 Plays Today
% Correct
Bread
99.3%
Butterfly
98.8%
Bottle
98.1%
Bicycle
97.7%
Bridge
97.6%
Balloon
97.5%
Book
97.5%
Bathtub
96.7%
Barn
96%
Bacon
95.9%
Boot
95.3%
Bow
94.2%
% Correct
Boomerang
94.1%
Bumblebee
90.4%
Bolt
90.2%
Blackberries
90.1%
Button
90%
Brush
87.7%
Bubble
86.9%
Blender
85.8%
Bucket
83.1%
Belt
80.9%
Buffalo
77.3%
Bell
70.9%
Remove Ads.
Support Sporcle.
Get the best of Sporcle when you Go Orange. This ad-free experience offers more features, more stats, and more fun while also helping to support Sporcle. Thank you for becoming a member.

You're not logged in!

Compare scores with friends on all Sporcle quizzes.
OR
Log In

Show Comments

Extras

Top Quizzes Today


Score Distribution

Your Account Isn't Verified!

In order to create a playlist on Sporcle, you need to verify the email address you used during registration. Go to your Sporcle Settings to finish the process.

Report this User

Report this user for behavior that violates our Community Guidelines.

Details: